000 00790nam a2200253Ia 4500
003 OSt
005 20221006142303.0
006 a|||||r|||| 00| 0
007 ta
008 221006b |||||||| |||| 00| 0 eng d
020 _c
_15.00
024 _a5,977
037 _cTextual
040 _aEASL
_cEASL
_beng
041 _2eng
_aeng
082 _aX65.420j49F.N7, L8
100 _aYOSHIHARA Kunio
245 0 _aJapanese investment in Asia
_b Monographs of the center for Southeast Asian studies Kyoto University
260 _aHonolulu
_bUniversity Press of Hawaii
_c1978
300 _a230p
_ccm.
490 _v JEL
_aMonographs of the Center for Southeast Asian Studies
942 _hX65.420j49F.N7, L8
_cTEXL
_2CC
999 _c1074063
_d1074063